| 000 | 00372 a2200121 4500 | ||
|---|---|---|---|
| 001 | 64658 | ||
| 082 | _a623.4519 AZH / PR 1417 | ||
| 090 |
_c38254 _d38254 |
||
| 100 | _aAzhar Sajjad | ||
| 245 | _aStructural designing of surface to surface long range cruise missile | ||
| 260 |
_aRisalpur _bAvionics Engg Dept, CAE NUST, Risalpur _c2000 |
||
| 500 | _aMS thesis | ||
| 942 |
_aNUST-CAE _k623.4519 AZH / PR 1417 |
||
| 999 |
_c299731 _d299731 |
||